000 00661nam a2200241Ia 4500
003 OSt
005 20220918230610.0
006 a|||||r|||| 00| 0
007 ta
008 220917b |||||||| |||| 00| 0 eng d
024 _a256,412
037 _cTextual
040 _aARTS
_cARTS
_beng
041 _2eng
_aeng
082 _aQ3.273, K4
100 _aThakur Upendra
_952109
245 0 _aStudies in Jainism and Buddhism in Mithila
260 _aVaranasi
_bChaukhamba Amarabharti India
_c1964
300 _axii,197p. Plates6
_ccm.
650 _aRELIGION
942 _hQ3.273, K4
_cTEXL
_2CC
999 _c288491
_d288491